| 000 | 00374cam a22001457a 4500 | ||
|---|---|---|---|
| 008 | 180718b1962 xxu||||| |||| 00| 0 eng d | ||
| 082 | _aK335 F359/62 | ||
| 100 | _aFenalson, Anne F. | ||
| 245 |
_aEssentials in interviewing _cby Anne F. Fenlason |
||
| 250 | _arev. ed. | ||
| 260 |
_aNew York _bHarper _c1962 |
||
| 300 | _a372p. | ||
| 500 | _a$.5.00 | ||
| 650 | _aInterviewing | ||
| 999 |
_c365305 _d365305 |
||